| 000 | 00882cam a2200241 i 4500 | ||
|---|---|---|---|
| 001 | 1335621 | ||
| 005 | 19790906000000.0 | ||
| 008 | 790307s1979 enk 000 0 eng | ||
| 010 | _a 79001904 | ||
| 020 | _a0893970557 : | ||
| 040 |
_aDLC _cDLC _dDLC |
||
| 050 | 0 | 0 |
_aQA76.9.C66 _bB37 1979 |
| 100 | 1 | _aBarron, Iann. | |
| 245 | 1 | 4 |
_aThe future with microelectronics : _bforecasting the effects of information technology / _cIann Barron, Ray Curnow. |
| 260 |
_aLondon : _bF. Pinter ; _aNew York : _bNichols Pub. Co., _c1979. |
||
| 300 |
_a243 p. ; _c23 cm. |
||
| 650 | 0 | _aComputers and civilization. | |
| 650 | 0 | _aMicroelectronics. | |
| 650 | 0 | _aMicrocomputers. | |
| 700 | 1 |
_aCurnow, R. C., _ejoint author. |
|
| 942 |
_2lcc _cBK |
||
| 999 |
_c8756 _d8756 |
||